000 00582pam a2200217 a 4500
001 515453
005 20180206092940.0
008 860225s1986 miua b 001 0 eng
010 _a 86004298
020 _a0835717380 (alk. paper)
040 _aDLC
_cDLC
_dDLC
041 _aeng
080 _a302.35 ENZ
082 0 0 _a302.35 ENZ
_219
100 1 _a52
101 _aEKO
245 1 0 _aPower and shared values in the corporate culture /
_cby Cathy A. Enz.
504 _aBibliography: p. [155]-163.
906 _a7
_bcbc
_corignew
_d1
_eocip
_f19
_gy-gencatlg
942 _2ddc
_cBK
999 _c41955
_d41955